| 000 | 00669nam a2200217Ia 4500 | ||
|---|---|---|---|
| 003 | GCL | ||
| 008 | 140319s9999 xx 000 0 ara d | ||
| 040 |
_aGCL / _cGCL |
||
| 082 | 0 | 4 |
_a770 _bب ت |
| 100 | 1 | _aباوسكيل، ديريك | |
| 245 | 1 | 0 |
_aالتصوير الفوتوغرافى المبسط / _cباوسكيل، ديريك |
| 700 | 1 | _aسالم قداح | |
| 300 | _a323 ص | ||
| 490 |
_aالهيئة العامة للاستعلامات _v0 |
||
| 650 | 0 | 4 | _aالتصوير الفوتوغرافى |
| 650 | 0 | 4 | _aالتصوير الملون |
| 650 | 0 | 4 | _aالفن |
| 650 | 0 | 4 | _aالتصوير |
| 650 | 0 | 4 | _aالتصوير الضوئى |
| 942 |
_2ddc _cBK |
||
| 999 |
_c49010 _d49010 |
||